000 00896nam a2200217 i 4500
001 160175
003 ES-MaACL
005 20241026201623.0
008 040922s1896 fr |||| | fre d
040 _aCAM
_bspa
_cCAM
100 1 _aMorel-Fatio, Alfred.
_983243
245 1 0 _a[Lettres d'antiquaires espagnols de la fin du XVIII\pe\s siècle adressées au comte de Lumiares /
_cAlfred Morel-Fatio].
260 _aNogent-le-Rotrou :
_b[s.n.,
_cs.a.] (
_fimprimerie Daupeley-Gouverneur)
300 _a13 p. ;
_c25 cm.
500 _aExtrait de la Bibliothèque de l'Ecole des chartes, tome LVII, 1896.
594 _aTit. tomado de comienzo de texto y autor firma el texto.
596 _aPie de imp. tomado de colofón.
852 _aES-MaACL
_jT-1346-F-8
_z-- Enc. hol.
_q-- Falto de la port. y de la cub. original
_z-- Enc. en un vol. facticio
942 _2udc
999 _c160175
_d160175